000 00890nam a22002897a 4500
005 20241204124909.0
010 _aENG-142834
020 _a9789354938597
_c600.00
035 _aEN-126366
037 _bState Pollution Control Board,Odisha
082 _a363.7392
100 _aMurugesan, K.
_974670
245 _aBeach Litter Pollution
_cby K.Murugesan....{et.d}
260 _aBhubaneswar
_bState Pollution Control Board, odisha
_c2021
270 _a4th Floor, Plot No. B-95/2&3
_bBhubaneshwar
_e751024
300 _a81p.
_c24cm(Hbk)
700 _aK.Murugesan
_974641
700 _aN.Mallick
_974642
700 _aS.S.Pati
_974643
700 _aS.D.Sharma
_974644
700 _aB.S. Panda
_974671
700 _aS. Mishra
_974672
700 _aS.Nayak
_974673
700 _aB.Sarangi
_974674
700 _aS.K.Mohanty
_974675
942 _2ddc
_cEN
_h363.7392
_mMUR
999 _c207401
_d207401